Towars understanding islam / (Record no. 124999)
[ view plain ]
| 000 -LEADER | |
|---|---|
| fixed length control field | 00749nam a22002537a 4500 |
| 005 - DATE AND TIME OF LATEST TRANSACTION | |
| control field | 20170124105947.0 |
| 010 ## - LIBRARY OF CONGRESS CONTROL NUMBER | |
| LC control number | 978525 |
| 020 ## - INTERNATIONAL STANDARD BOOK NUMBER | |
| Terms of availability | 00.00 |
| 035 ## - SYSTEM CONTROL NUMBER | |
| System control number | 978525 |
| 037 ## - SOURCE OF ACQUISITION | |
| Source of stock number/acquisition | Cen Lib/Ret |
| 040 ## - CATALOGING SOURCE | |
| Original cataloging agency | DPL |
| Language of cataloging | EN |
| 082 ## - DEWEY DECIMAL CLASSIFICATION NUMBER | |
| Classification number | 270.1 |
| Item number | MAU |
| 100 ## - MAIN ENTRY--PERSONAL NAME | |
| Personal name | Mauddi, Sayyid Abul Ala |
| 9 (RLIN) | 12643 |
| 245 ## - TITLE STATEMENT | |
| Title | Towars understanding islam / |
| Statement of responsibility, etc | by Sayyid Abul Ala Mauddi ; translated by Khurshid Ahmad |
| 250 ## - EDITION STATEMENT | |
| Edition statement | 14th ed |
| 260 ## - PUBLICATION, DISTRIBUTION, ETC. (IMPRINT) | |
| Place of publication, distribution, etc | Pakistan |
| Name of publisher, distributor, etc | Idara Tarjuman - Ul-Quran |
| Date of publication, distribution, etc | 1974 |
| 270 ## - ADDRESS | |
| Address | Ichhra-Lahore |
| City | Lahore |
| 300 ## - PHYSICAL DESCRIPTION | |
| Extent | xi,179p. |
| Dimensions | 17cm(Hb) |
| 500 ## - GENERAL NOTE | |
| General note | Includes index |
| 650 ## - SUBJECT ADDED ENTRY--TOPICAL TERM | |
| Topical term or geographic name as entry element | Islam |
| 9 (RLIN) | 5289 |
| 650 ## - SUBJECT ADDED ENTRY--TOPICAL TERM | |
| Topical term or geographic name as entry element | Islam--Essence, genius, nature |
| 9 (RLIN) | 12644 |
| 700 ## - ADDED ENTRY--PERSONAL NAME | |
| Personal name | Ahmad, Khurshid |
| 9 (RLIN) | 12645 |
| 942 ## - ADDED ENTRY ELEMENTS (KOHA) | |
| Source of classification or shelving scheme | Dewey Decimal Classification |
| Koha item type | English Books |
| Classification part | 270.1 |
| Call number suffix | MAU |
| Withdrawn status | Lost status | Damaged status | Not for loan | Home library | Current library | Date acquired | Source of acquisition | Cost, normal purchase price | Total Checkouts | Full call number | Barcode | Date last seen | Date checked out | Copy number | Cost, replacement price | Price effective from | Koha item type | Public note |
|---|---|---|---|---|---|---|---|---|---|---|---|---|---|---|---|---|---|---|
| Written off | Central Library | Central Library | 19/06/2015 | Cen Lib/Ret | 0.00 | 1 | 270.1 MAU | 978525 | 29/12/2017 | 15/12/2017 | 1 | 0.00 | 19/06/2015 | English Books | W/d List No. 6894/23 ; dtd 17/10/2020 |
